000 00327nam a22001337a 4500
008 170616b xxu||||| |||| 00| 0 eng d
020 _a1560005777
041 _aeng
080 _a32
100 _a20
101 _aSHP
245 _aPOVERTY, NATURAL RESOURCES, AND PUBLIC POLICY IN CENTRAL AMERICA
_cARIAS,O
942 _2udc
_cBK
999 _c17700
_d17700